Normal view
MARC view
- Muzammil,Mohd, Atif
Entry Personal Name
001 - CONTROL NUMBER
- control field: 205636
003 - CONTROL NUMBER IDENTIFIER
- control field: OSt
005 - DATE AND TIME OF LATEST TRANSACTION
- control field: 20240201134405.0
008 - FIXED-LENGTH DATA ELEMENTS
- fixed length control field: 240201|| aca||aabn | a|a d
040 ## - CATALOGING SOURCE
- Original cataloging agency: OSt
- Transcribing agency: OSt
100 ## - HEADING--PERSONAL NAME
- Personal name: Muzammil,Mohd, Atif
670 ## - SOURCE DATA FOUND
- Source citation: Work cat.: (OSt)356996: Pandey, Sushma 205635, Principles & Procedures of Nursing Foundations Vol.- 2, 2022